000 00450cam a22001217a 4500
008 180718b1988 xxu||||| |||| 00| 0 eng d
082 _aA81x54 In2/81/7/PT10B/S
100 _aCensus of India 1981
245 _aHimachal Pradesh: special survey report on selected towns, Solan (a socio-economic survey)
260 _aDelhi
_bThe Controller of Publications
_c1988
300 _a295+p.
440 _aCensus of India 1981. Series-7, Himachal Pradesh. Part-XB
999 _c482752
_d482752